000 00294nam a2200121 i 4500
001 bg
245 0 _aModel wykształconego Polaka /
_cMater.p.red. B.Suchodolskiego.
260 _aWrocław,
_c1980.
040 _cBPK
041 _apol
942 _cKS
008 s pl f |000 0 pol
999 _c19890
_d19890
856 _uhttp://koha.tu.koszalin.pl/cgi-bin/koha/opac-detail.pl?biblionumber=19890
_yKatalog online BPK